Logo BPK

Biblioteka

Politechniki Koszalińskiej

A fanatic heart : (Rekord nr 41356)

Szczegóły MARC
000 -ETYKIETA REKORDU
podpole kontrolne o stałej długości 00597nam a2200193 i 4500
001 - NUMER KONTROLNY REKORDU
pole kontrolne bgj
040 ## - ŹRÓDŁO KATALOGOWANIA
Instytucja, która utworzyła rekord BPK
041 0# - KOD JĘZYKA
Kod języka tekstu eng
008 - POLE O STAŁEJ DŁUGOŚCI - DANE KONTROLNE
podpole kontrolne o stałej długości s uk f |000 0 eng
100 1# - NAZWA OSOBOWA
Nazwa osobowa O'BRIEN, Edna.
245 10 - TYTUŁ/ODPOWIEDZIALNOŚĆ
Tytuł A fanatic heart :
Ciąg dalszy tytułu selected stories of /
Pozostałe elementy strefy tytułu i oznaczenia odpowiedzialności Edna O'Brien.
250 ## - STREFA WYDANIA
Oznaczenie wydania Signet 1st ed.
260 ## - STREFA ADRESU WYDAWNICZEGO
Miejsce wydania [Philadelphia], Pa :
Nazwa wydawcy/dystrybutora The Franklin Library Franklin Center,
Data publikacji, dystrybucji/powstania dokumentu 1984.
300 ## - STREFA OPISU FIZYCZNEGO
Objętość 461 pp ;
Rozmiary 24 cm.
500 ## - UWAGI OGÓLNE
Tekst uwagi Limited edition personally signed by the author.
505 ## - SFORMALIZOWANA UWAGA DOTYCZĄCA ZAWARTOŚCI
Pełny tekst uwagi Includes a special message from the author.
650 #9 - HASŁO PRZEDMIOTOWE W FORMIE NAZWY OGÓLNEJ LUB JEDNOSTKOWEJ
Nazwa ogólna lub geograficzna English fiction
Określnik chronologiczny 1945-
942 ## - DODATKOWE ELEMENTY (KOHA)
Typ dokumentu Książka
Egzemplarze
Wycofany Status egzemplarza Uszkodzony Dostępność Lokalizacja stała Lokalizacja bieżąca Miejsce przechowywania Sygnatura Kod kreskowy Typ dokumentu
      Dostępny Biblioteka Politechniki Koszalińskiej Biblioteka Politechniki Koszalińskiej Wypożyczalnia Językowa KA 2152 09020504 Książka
      Dostępny Biblioteka Politechniki Koszalińskiej Biblioteka Politechniki Koszalińskiej Wypożyczalnia Językowa KA 2205 09020498 Książka
© 2023 Biblioteka Politechniki Koszalińskiej :: KOHA